书目信息 |
| 题名: |
市场调研与预测
|
|
| 作者: | 黄丹 主编 | |
| 分册: | ||
| 出版信息: | 北京 北京师范大学出版社 2007 |
|
| 页数: | 14,451页 | |
| 开本: | 23cm | |
| 丛书名: | ||
| 单 册: | ||
| 中图分类: | F713.52 , F713.54 | |
| 科图分类: | ||
| 主题词: | 市场--调查--高等学校--教材 , 市场预测--高等学校--教材 , 市场 , 市场预测 | |
| 电子资源: | ||
| ISBN: | 978-7-303-08507-1 | |
| 000 | 01037nam0 2200301 45 | |
| 001 | 1029836695 | |
| 005 | 20100428145817.28 | |
| 010 | @a978-7-303-08507-1@dCNY38.00 | |
| 100 | @a20100419e20082007em y0chiy50 ea | |
| 101 | 0 | @achi |
| 102 | @aCN@b110000 | |
| 105 | @ay z 000yy | |
| 106 | @ar | |
| 200 | 1 | @a市场调研与预测@AShi Chang Diao Yan Yu Yu Ce@dMarketing research@f黄丹主编@FHuang Dan Zhu Bian@zeng |
| 210 | @a北京@c北京师范大学出版社@d2007@h2008 | |
| 215 | @a14,451页@d23cm | |
| 300 | @a新世纪高等学校教材 营销学基础课系列教材 | |
| 330 | @a本书由基础知识、调研方法、预测方法与工具、研究报告与后续工作四部分组成。详细介绍了市场调研的各种方法,预测的各种方法与工具,调研报告的撰写沟通等内容。 | |
| 510 | 1 | @aMarketing research@zeng |
| 606 | 0 | @a市场@x调查@x高等学校@j教材 |
| 606 | 0 | @a市场预测@x高等学校@j教材 |
| 606 | 0 | @a市场 |
| 606 | 0 | @a市场预测 |
| 690 | @aF713.52@v4 | |
| 690 | @aF713.54@v4 | |
| 701 | 0 | @a黄丹@AHuang Dan@4主编 |
| 801 | 0 | @aCN@bTANGWEI@c20100428 |
| 905 | @b0592879-83@dF713.52@e517@f5 | |
| 市场调研与预测=Marketing research/黄丹主编.-北京:北京师范大学出版社,2007(2008) |
| 14,451页;23cm |
| 新世纪高等学校教材 营销学基础课系列教材 |
| ISBN 978-7-303-08507-1:CNY38.00 |
| 本书由基础知识、调研方法、预测方法与工具、研究报告与后续工作四部分组成。详细介绍了市场调研的各种方法,预测的各种方法与工具,调研报告的撰写沟通等内容。 |
| ● |
| 相关链接 |
|
|
|
|
正题名:市场调研与预测
索取号:F713.52/517
 
预约/预借
| 序号 | 登录号 | 条形码 | 馆藏地/架位号 | 状态 | 备注 |
| 1 | 0592879 | 205928790 | 第一样本阅览室/ [索取号:F713.52/517] | 在馆 | |
| 2 | 0592880 | 205928807 | 第一借阅区/ [索取号:F713.52/517] | 在馆 | |
| 3 | 0592881 | 205928816 | 第一借阅区/ [索取号:F713.52/517] | 在馆 | |
| 4 | 0592882 | 205928825 | 第一借阅区/ [索取号:F713.52/517] | 在馆 | |
| 5 | 0592883 | 205928834 | 第一借阅区/ [索取号:F713.52/517] | 在馆 |